| 000 -ლიდერი |
| ფიქსირებული სიგრძის საკონტროლო ველი |
00999nam a2200205Ia 4500 |
| 001 - საკონტროლო ნომერი |
| საკონტროლო ველი |
5995 |
| 003 - საკონტროლო ნომრის იდენტიფიკატორი |
| საკონტროლო ველი |
GE_BSU |
| 005 - ბოლო ოპერაციის თარიღი და დრო |
| საკონტროლო ველი |
20190702162759.0 |
| 008 - ფიქსირებული სიგრძის მონაცემთა ელემენტები - ზოგადი ინფორმაცია |
| ფიქსირებული სიგრძის საკონტროლო ველი |
181216s1976|||| |||||||||||||| ||geo|| |
| 041 ## - ენის კოდი |
| Language code of text/sound track or separate title |
geo |
| 080 ## - უნივერსალური ათობითი კლასიფიკაციის ინდექსი |
| Universal Decimal Classification number |
624.04+624.041.1 ა-89 |
| 100 ## - მთავარი ჩანაწერი - პიროვნების სახელი |
| Personal name |
ასტვაცატუროვი, ა. |
| 9 (RLIN) |
346 |
| 245 ## - ცნობა სათაურის შესახებ |
| Title |
სამშენებლო მექანიკა : პეციალური კურსი.ნაშენთა მდგრადობა და დინამიკა / |
| Statement of responsibility, etc |
ა. ასტვაცატუროვი ; რედ : ლ. მაღულარია. |
| 250 ## - გამოცემის ცნობა |
| Edition statement |
მე-2 გადამუშ. შევს. გამოც. |
| 264 ## - წარმოების, გამოცემის, დისტრიბუციის და სხვა ცნობები |
| გამოცემის, წარმოების, დისტრიბუციის... ადგილი |
თბილისი : |
| გამოცემის, წარმოების, დისტრიბუციის... სახელწოდება |
განათლება, |
| გამოცემის, წარმოების, დისტრიბუციის... თარიღი |
1976. |
| 300 ## - ფიზიკური აღწერა |
| Extent |
416 გვ .: |
| Other physical details |
ცხრ. |
| Dimensions |
22 სმ. |
| 653 ## - INDEX TERM--UNCONTROLLED |
| Uncontrolled term |
სამშენებლო მაქანიკა |
| 700 ## - ADDED ENTRY--PERSONAL NAME |
| Personal name |
მაღულარია, ლ |
| Relator term |
რედაქტორი |
| 9 (RLIN) |
3153 |
| 942 ## - ADDED ENTRY ELEMENTS (KOHA) |
| Koha item type |
წიგნი |
| Source of classification or shelving scheme |
|